SEPA úhrada a inkaso - dnes novinka, zajtra štandard

Jednotná oblasť platieb v eurách (Single Euro Payments Area – SEPA) je oblasť 33 európskych krajín, kde podniky, spotrebitelia a ďalšie ekonomické subjekty môžu zasielať a prijímať bezhotovostné platby v eurách, pričom platia jednotné podmienky, práva a povinnosti. Priamym dôsledkom implementácie SE...

Descrizione completa

Salvato in:
Dettagli Bibliografici
Autore principale: Kotasová, Miroslava
Natura: Capitolo di libro
Lingua:slovacco
Soggetti:
Tags: Aggiungi Tag
Nessun Tag, puoi essere il primo ad aggiungerne!!

MARC

LEADER 00000naa a2200000 4500
001 0176579
005 20231116095310.8
041 0 |a slo 
044 |a SK 
245 1 0 |a SEPA úhrada a inkaso - dnes novinka, zajtra štandard  |c Miroslava Kotasová 
520 |a Jednotná oblasť platieb v eurách (Single Euro Payments Area – SEPA) je oblasť 33 európskych krajín, kde podniky, spotrebitelia a ďalšie ekonomické subjekty môžu zasielať a prijímať bezhotovostné platby v eurách, pričom platia jednotné podmienky, práva a povinnosti. Priamym dôsledkom implementácie SEPA v Slovenskej republike bude od 1. februára 2014 nahradenie súčasných domácich úhrad a inkás spoločnými SEPA platobnými nástrojmi – SEPA úhradou a inkasom. Ich hlavné znaky a výhody. 
610 2 0 |a platby bezhotovostné 
610 2 0 |a inkaso 
610 2 0 |a banky 
610 2 0 |a nástroje finančné 
610 2 0 |a nástroje bankové 
610 2 0 |a služby finančné 
610 2 0 |a Slovensko 
610 2 0 |a eurozóna 
100 1 |a Kotasová, Miroslava